<?xml version="1.0" encoding="UTF-8"?>
<collection xmlns="http://www.loc.gov/MARC21/slim">
 <record>
  <leader>01788nam a22002657a 4500</leader>
  <controlfield tag="001">NCT_66553</controlfield>
  <controlfield tag="008">190813b        xxu||||| |||| 00| 0 vie d</controlfield>
  <datafield tag="999" ind1=" " ind2=" ">
   <subfield code="c">3217</subfield>
   <subfield code="d">3217</subfield>
  </datafield>
  <datafield tag="020" ind1=" " ind2=" ">
   <subfield code="a">9786048112820</subfield>
   <subfield code="c">51000</subfield>
  </datafield>
  <datafield tag="082" ind1="0" ind2="4">
   <subfield code="2">23rd ed.</subfield>
   <subfield code="a">345.115</subfield>
   <subfield code="b">Nh121</subfield>
  </datafield>
  <datafield tag="100" ind1="1" ind2=" ">
   <subfield code="a">Ngọ Văn Nhân</subfield>
   <subfield code="e">Chủ biên</subfield>
  </datafield>
  <datafield tag="245" ind1="1" ind2="0">
   <subfield code="a">Giáo trình xã hội học pháp luật</subfield>
   <subfield code="c">Ngọ Văn Nhân (chủ biên) ; Phan Thị Luyện</subfield>
  </datafield>
  <datafield tag="260" ind1=" " ind2=" ">
   <subfield code="a">H.</subfield>
   <subfield code="b">Tư pháp</subfield>
   <subfield code="c">2018</subfield>
  </datafield>
  <datafield tag="300" ind1=" " ind2=" ">
   <subfield code="a">390 tr.</subfield>
   <subfield code="c">21cm</subfield>
  </datafield>
  <datafield tag="500" ind1=" " ind2=" ">
   <subfield code="a">ĐTTS ghi: Trường Đại học Luật Hà Nội</subfield>
  </datafield>
  <datafield tag="520" ind1="3" ind2=" ">
   <subfield code="a">Nội dung sách bao gồm nhập môn xã hội học pháp luật, phương pháp điều tra xã hội học pháp luật, mối liên hệ giữa pháp luật và cơ cấu xã hội, ....</subfield>
  </datafield>
  <datafield tag="653" ind1=" " ind2=" ">
   <subfield code="a">Luật học</subfield>
  </datafield>
  <datafield tag="700" ind1="1" ind2=" ">
   <subfield code="a">Phan Thị Luyện</subfield>
  </datafield>
  <datafield tag="942" ind1=" " ind2=" ">
   <subfield code="2">ddc</subfield>
   <subfield code="c">BK</subfield>
  </datafield>
  <datafield tag="952" ind1=" " ind2=" ">
   <subfield code="0">0</subfield>
   <subfield code="1">0</subfield>
   <subfield code="2">ddc</subfield>
   <subfield code="4">0</subfield>
   <subfield code="6">345_115000000000000_NH121</subfield>
   <subfield code="7">0</subfield>
   <subfield code="9">17380</subfield>
   <subfield code="a">000001</subfield>
   <subfield code="b">000001</subfield>
   <subfield code="d">2019-08-13</subfield>
   <subfield code="o">345.115 Nh121</subfield>
   <subfield code="p">MD.15796</subfield>
   <subfield code="r">2019-08-13</subfield>
   <subfield code="v">51000.00</subfield>
   <subfield code="w">2019-08-13</subfield>
   <subfield code="y">BK</subfield>
  </datafield>
  <datafield tag="952" ind1=" " ind2=" ">
   <subfield code="0">0</subfield>
   <subfield code="1">0</subfield>
   <subfield code="2">ddc</subfield>
   <subfield code="4">0</subfield>
   <subfield code="6">345_115000000000000_NH121</subfield>
   <subfield code="7">0</subfield>
   <subfield code="9">17381</subfield>
   <subfield code="a">000001</subfield>
   <subfield code="b">000001</subfield>
   <subfield code="d">2019-08-13</subfield>
   <subfield code="l">3</subfield>
   <subfield code="m">1</subfield>
   <subfield code="o">345.115 Nh121</subfield>
   <subfield code="p">MD.15797</subfield>
   <subfield code="r">2020-07-31</subfield>
   <subfield code="s">2020-07-22</subfield>
   <subfield code="v">51000.00</subfield>
   <subfield code="w">2019-08-13</subfield>
   <subfield code="y">BK</subfield>
  </datafield>
  <datafield tag="952" ind1=" " ind2=" ">
   <subfield code="0">0</subfield>
   <subfield code="1">0</subfield>
   <subfield code="2">ddc</subfield>
   <subfield code="4">0</subfield>
   <subfield code="6">345_115000000000000_NH121</subfield>
   <subfield code="7">0</subfield>
   <subfield code="9">17382</subfield>
   <subfield code="a">000001</subfield>
   <subfield code="b">000001</subfield>
   <subfield code="d">2019-08-13</subfield>
   <subfield code="l">2</subfield>
   <subfield code="o">345.115 Nh121</subfield>
   <subfield code="p">MD.15799</subfield>
   <subfield code="r">2020-06-18</subfield>
   <subfield code="s">2020-06-16</subfield>
   <subfield code="v">51000.00</subfield>
   <subfield code="w">2019-08-13</subfield>
   <subfield code="y">BK</subfield>
  </datafield>
  <datafield tag="952" ind1=" " ind2=" ">
   <subfield code="0">0</subfield>
   <subfield code="1">0</subfield>
   <subfield code="2">ddc</subfield>
   <subfield code="4">0</subfield>
   <subfield code="6">345_115000000000000_NH121</subfield>
   <subfield code="7">0</subfield>
   <subfield code="9">17383</subfield>
   <subfield code="a">000001</subfield>
   <subfield code="b">000001</subfield>
   <subfield code="d">2019-08-13</subfield>
   <subfield code="l">2</subfield>
   <subfield code="o">345.115 Nh121</subfield>
   <subfield code="p">MD.15800</subfield>
   <subfield code="r">2020-08-17</subfield>
   <subfield code="s">2020-07-23</subfield>
   <subfield code="v">51000.00</subfield>
   <subfield code="w">2019-08-13</subfield>
   <subfield code="y">BK</subfield>
  </datafield>
  <datafield tag="952" ind1=" " ind2=" ">
   <subfield code="0">0</subfield>
   <subfield code="1">0</subfield>
   <subfield code="2">ddc</subfield>
   <subfield code="4">0</subfield>
   <subfield code="6">345_115000000000000_NH121</subfield>
   <subfield code="7">0</subfield>
   <subfield code="9">18111</subfield>
   <subfield code="a">000001</subfield>
   <subfield code="b">000001</subfield>
   <subfield code="d">2019-10-11</subfield>
   <subfield code="l">2</subfield>
   <subfield code="o">345.115 Nh121</subfield>
   <subfield code="p">MD.15798</subfield>
   <subfield code="r">2020-08-13</subfield>
   <subfield code="s">2020-07-27</subfield>
   <subfield code="v">51000.00</subfield>
   <subfield code="w">2019-10-11</subfield>
   <subfield code="y">BK</subfield>
  </datafield>
  <datafield tag="980" ind1=" " ind2=" ">
   <subfield code="a">Thư viện Trường Đại học Nam Cần Thơ</subfield>
  </datafield>
 </record>
</collection>
